000 00895nas a2200301 4500
001 BR2014003414
003 BR-BrBNA
005 20231205124053.0
007 ta
008 230509b bl.|||p| |||| 00| 00por d
040 _aBR-BrBNA
_bpor
_cBiblioteca Nacional de Agricultura
041 _a(Pt)
072 _aF30; F02
100 1 _aBrondani, G.E.
100 1 _aBaccarin, F.J.B.
100 1 _aBergonci, T.
100 1 _aGonçalves, A.N.
100 1 _aAlmeida, M. de
245 1 _aMiniestaquia de Eucalyptus benthamil: efeito do genótipo, AIB, zinco, boro e coletas de brotações
650 _aEUCALIPTO
650 _aGENÓTIPO
650 _aESTACA
650 _aCLONAGEM
650 _aÁCIDO INDOLBUTÍRICO
773 0 _tCerne (Brazil)
_xISSN 0104-7760
_g(Jan-Mar 2014), v. 20(1) p. 147-156
_wBR2014003414
909 _a202311
_bLúcia
_c55
_dLúcia Elande
942 _2AGRIS
_n0
_cANA
999 _c237156
_d237156